000 00769 a2200241 4500
005 20250623083248.0
020 _a9780241317945
050 _aRA785
_bCHA 2018
100 _aChatterjee, Rangan
_eauthor
245 _aThe Stress solution :
_b4 steps to a calmer, happier you /
_cRangan Chatterjee (Dr); photography by Susan Bell
264 _aLondon :
_bPenguin Books,
_c2018
300 _a271 pages :
_billustrations
336 _2rdacontent
_atext
_btxt
337 _2rdamedia
_aunmediated
_bn
338 _2rdacarrier
_avolume
_bnc
504 _aIncludes bibliographical references and index
505 _a.
520 _a.
650 _aStress management
650 _aBurnout, Professional
650 _aStress, Psychological
942 _2lcc
_cBK
_h785
_iCHA
_kRA
999 _c11620
_d11620